MECHANICAL ENGINEERING (Record no. 5467)

MARC details
000 -LEADER
fixed length control field 00267nam a22001217a 4500
005 - DATE AND TIME OF LATEST TRANSACTION
control field 20170620145532.0
008 - FIXED-LENGTH DATA ELEMENTS--GENERAL INFORMATION
fixed length control field 170620b xxu||||| |||| 00| 0 eng d
041 ## - LANGUAGE CODE
Language code of text/sound track or separate title eng
245 ## - TITLE STATEMENT
Title MECHANICAL ENGINEERING
260 ## - PUBLICATION, DISTRIBUTION, ETC. (IMPRINT)
Name of publisher ENGINEERS ACADEMY
300 ## - PHYSICAL DESCRIPTION
Number of Pages 435
942 ## - ADDED ENTRY ELEMENTS (KOHA)
Koha item type Books
Holdings
Lost status Damaged status Collection code Home library Current library Shelving location Date acquired Source of acquisition Full call number Accession Number Koha item type
    MECHANICAL ENGINEERING JRU Library   SHELF-57-E 20/06/2017 DONATION 621 21810 Books